000 00961cam a22002535a 4500
001 18556527
005 20201128023907.0
008 150407t2015 flua frb 001 0 eng d
020 _a9781482233971
040 _aDLC
_beng
_cDLC
_dDLC
_dEG-ScBUE
082 0 4 _a005.8
_222
_bSCH
100 1 _aSchoenfield, Brook S. E.
245 1 0 _aSecuring systems :
_bapplied security architecture and threat models /
_cBrook S. E. Schoenfield ; forewords by John N. Stewart and James F. Ransome.
260 _aBoca Raton :
_bCRC Press / Taylor & Francis Group,
_cc.2015.
300 _axxvii, 412 p. :
_bill. ;
_c26 cm.
500 _aIndex : p. 387-412.
504 _aIncludes bibliographical references.
650 7 _aComputer networks
_xSecurity measures.
_2BUEsh
_92634
651 _2BUEsh
653 _bCOMSCI
_cOctober2016
700 1 _aStewart, John N.,
_eauthor of introduction, etc.
700 1 _aRansome, James F.,
_eauthor of introduction, etc.
_92930
942 _2ddc
999 _c22657
_d22629